01339nas a2200325 4500001001000000003000900010005001700019007000300036008003400039040005400073041000900127072001300136100002000149100002000169100001600189100001900205245016200224246016600386650001800552650001600570650002200586650001000608650002100618650001600639773012800655909004000783942001800823999001900841952015300860BR8900368BR-BrBNA20231205091436.0ta230509b bl.|||p| |||| 00| 00por d aBR-BrBNAbporcBiblioteca Nacional de Agricultura a(Pt) aL70; L011 aAguiar, B.A. de1 aCruz, F.E.R. da1 aViana, F.C.1 aSilva, J.A. da1 aAlgumas caracteristicas de sanidade do rebanho e da estrutura de producao de leite em pequenas unidades produtoras do Municipio de Sete Lagoas - Minas Gerais1 a[A field survey on the sanitary conditions and the milk production of bovine herds on small dairy farms at the municipality of Sete Lagoas, Minas Gerais, Brazil] aGADO LEITEIRO aVETERINARIA aPRODUCAO LEITEIRA aLEITE aPEQUENO PRODUTOR aSETE LAGOAS0 tArquivo Brasileiro de Medicina Veterinaria e Zootecnia (Brazil)xISSN 0102-0935g(Oct 1987), v. 39(5) p. 681-697wBR8900368 a202311bLúciac55dLúcia Elande 2AGRISn0cANA c125118d125118 002AGRIS4071a41918b41918cPeriódicos Agrícolash(Oct 1987), v. 39(5) p. 681-697l0r2023-11-29t01yCRePortaria Interministerial nº 164/94